000 00663nam a2200193Ia 4500
005 20250508155751.0
008 008 250505s9999 xx 000 0 eng d
037 _aDissertations
040 _aFEDL
_beng
_cFEDL
041 _aeng
_2eng
084 _a136.735 4, BHA/DI
_qFEDL
100 _aBhandari Kuldip Lal
_9767473
245 0 _aStudy of fantasy among the adolescent school children in two groups of high and low achievers and its relationship with achievement- A pilot study
260 _c1973
300 _a57p.
546 _aM. Ed. Dissertation (Delhi University)
942 _cDIS
_h136.735 4, BHA/DI
999 _c1359204
_d1359204